000 00468nam a2200181 a 4500
001 1771568628495
003 YourLibrary
005 20260220115515.0
008 260220s2006##################000#0#eng##
020 _a9780521029766
082 0 4 _a338.064
_bPAS
100 1 _aPasinetti, Luigi,
_eauthor.
245 1 0 _aStructural Economic Dynamics :
260 _c2006.
650 0 _aBusiness & Economics.
942 _cENGLISH
040 _aYourLibrary
_beng
_cYourLibrary
999 _c614014
_d614014